هندسة نظم البرامج بمساعدة الحاسب الآلي / (رقم التسجيلة. 91711)
[ عرض عادي ]
| 000 -الفاتح | |
|---|---|
| عناصر البيانات ثابتة الطول | 01068cam a22002417i 4500 |
| 005 - تاريخ ووقت آخر معاملة | |
| حقل ضبط | 20251108172920.0 |
| 008 - عناصر البيانات ثابتة الطول | |
| عناصر البيانات ثابتة الطول | 250721s2003 su gr 000 0 ara d |
| 020 ## - الترقيم الدولي المعياري للكتب (ردمك) | |
| الترقيم الدولي المعياري للكتب (ردمك) | 9960245241 |
| 041 1# - كود اللغة | |
| كود اللغة لنص/مسار صوت أو عنوان منفصل | ara |
| كود اللغة للأصل | eng |
| 082 14 - رقم تصنيف ديوي العشري | |
| رقم التصنيف | 005.43 |
| رقم المادة | ب و ن |
| 100 1# - مدخل رئيسي – اسم شخصي | |
| الاسم الشخصي | بونت، ميشيل |
| علاقة الشخص بالعمل/ دوره | مؤلف. |
| 245 10 - بيان العنوان | |
| العنوان | هندسة نظم البرامج بمساعدة الحاسب الآلي / |
| بيان المسؤولية | تأليف ميشيل بونت ؛ تعريب د.م. سرور علي ابراهيم سرور؛ مراجعة دكتور محمد يحيى عبد الرحمن؛ تقديم دكتور عبدالله بن سليمان العزاز. |
| 264 1# - بيانات النشر، التوزيع…إلخ | |
| مكان النشر، التوزيع...إلخ | الرياض : |
| اسم الناشر، الموزع...إلخ | دارالمريخ للنشر، |
| تاريخ النشر، التوزيع...إلخ | 2003. |
| 300 ## - الوصف المادي | |
| عدد الوحدات المكونة للوعاء | 1123 صفحة. |
| 650 17 - مدخل إضافي بالموضوع - مصطلح موضوعي | |
| مصطلح موضوعي أو اسم جغرافي كعنصر مدخل | البرمجة. |
| 650 17 - مدخل إضافي بالموضوع - مصطلح موضوعي | |
| مصطلح موضوعي أو اسم جغرافي كعنصر مدخل | نظم البرامج. |
| 650 17 - مدخل إضافي بالموضوع - مصطلح موضوعي | |
| مصطلح موضوعي أو اسم جغرافي كعنصر مدخل | الهندسة. |
| 700 1# - مدخل إضافي - اسم شخصي | |
| الاسم الشخصي | سرور، سرور علي ابراهيم |
| علاقة الشخص بالعمل/ دوره | معرب |
| 700 1# - مدخل إضافي - اسم شخصي | |
| الاسم الشخصي | عبد الرحمن، محمد يحيى |
| علاقة الشخص بالعمل/ دوره | مراجع. |
| 700 1# - مدخل إضافي - اسم شخصي | |
| الاسم الشخصي | العزاز، عبد الله بن سليمان |
| علاقة الشخص بالعمل/ دوره | مقدم. |
| 942 ## - بيانات إضافية (كوها) | |
| نوع التنصيف | Dewey Decimal Classification |
| نوع المادة (كوها) | مراجع |
| حالة السحب | حالة الفقدان | مصدر التصنيف | حالة التلف | غير قابل للإعارة | المكتبة الرئيسية | المكتبة الحالية | موقع الرف | تاريخ التزويد | الرقم المتسلسل | Total Checkouts | رقم الإستدعاء | الباركود | تاريخ آخر ظهور | تاريخ الفاتورة | نوع المادة (كوها) |
|---|---|---|---|---|---|---|---|---|---|---|---|---|---|---|---|
| Dewey Decimal Classification | Not For Loan | المكتبة المركزية | المكتبة المركزية | مراجع | 28/07/2025 | 811384 | مر/ 005.43 / ب و ن | 811384 | 28/07/2025 | 28/07/2025 | مراجع |